000 00377nam a2200145Ia 4500
008 151213s9999 xx 000 0 und d
100 _aZong-pu, Feng
245 _aThe everlasting rock
_cZong-pu, Feng
260 _aLondon
_bLynne Rienner
_c1998
300 _a1733 p.
650 _aEnglish Literature
650 _aEnglish Literature
700 _aZong-pu, Feng
999 _c1277
_d1277